000
00300nam a2200109Ia 4500
008
220204s9999 xx 000 0 und d
082
_a
311(035)
_b
BEY
245
0
_a
Handbook of tables for probability and statistics
260
_a
Ohio
_b
Chemical Rubber
_c
1966
700
_a
Beyer, William H
942
_c
BK
999
_c
21333
_d
21333